LEADER 01154nas 2200421-- 450 001 996214086303316 005 20230120001627.0 035 $a(CKB)954925391305 035 $a(CONSER)---73648845- 035 $a(EXLCZ)99954925391305 100 $a20760330a19719999 --- b 101 0 $apor 181 $ctxt$2rdacontent 200 00$aColóquio$iLetras 210 $a[Lisboa]$c[Fundação Calouste Gulbenkian] 215 $a1 online resource 311 $aPrint version: Colo?quio: (DLC) 73648845 (OCoLC)2078821 0010-1451 531 $aCOLOQUIO LETRAS 606 $aArts$vPeriodicals 606 $aArts$vPériodiques 606 $aArts$2fast$3(OCoLC)fst00817721 606 $aFilologie$2gtt 606 $aPortugees$2gtt 606 $aLetterkunde$2gtt 608 $aPeriodicals.$2fast 615 0$aArts 615 6$aArts 615 7$aArts. 615 17$aFilologie. 615 17$aPortugees. 615 17$aLetterkunde. 676 $a700/.5 712 02$aFundação Calouste Gulbenkian. 906 $aJOURNAL 912 $a996214086303316 920 $aexl_impl conversion 996 $aColóquio$91669432 997 $aUNISA LEADER 02306nas 2200505 n 450 001 990008907050403321 005 20240229084619.0 011 $a0390-0592 035 $a000890705 035 $aFED01000890705 035 $a(Aleph)000890705FED01 035 $a000890705 091 $2CNR$aP 00067022 100 $a20090724a19749999km-y0itaa50------ba 101 0 $amul 102 $aIT 110 $aauu-------- 200 1 $aArcheologia medievale$ecultura materiale, insediamenti, territorio 207 1$a1974- 210 $aFirenze$cAll'insegna del giglio 326 $aAnnuale 421 0$12001$aNotiziario di archeologia medievale 421 0$1001000890704$12001$aArcheologia dell'architettura 452 0$12001$aArcheologia medievale : cultura materiale, insediamenti, territorio 530 0 $aArcheologia medievale 675 $a930.26 675 $a940.1 675 $a94 676 $a940 801 0$aIT$bACNP$c20090723 859 4 $uhttp://acnp.cib.unibo.it/cgi-ser/start/it/cnr/dc-p1.tcl?catno=43433&person=false&language=ITALIANO&libr=&libr_th=unina1$zBiblioteche che possiedono il periodico 901 $aSE 912 $a990008907050403321 958 $aBRAU. Biblioteca di Ricerca di Area Umanistica$b1974-$eITALIA 213$fFLFBC 958 $aBiblioteca di Area Architettura$b1976-1977;1985-2005;2007;2009-$ePER 11$fFARBC 958 $aBiblioteca. Dipartimento di Storia dell'Architettura e Restauro$b1975;$e0.13$fDARST 959 $aFLFBC 959 $aFARBC 959 $aDARST 996 $aArcheologia medievale$9649757 997 $aUNINA AP1 8 $6866-01$aNA072 BRAU. Biblioteca di Ricerca di Area Umanistica$bITALIA 213$ePiazza Bellini 56/60, 80133 Napoli (NA)$m(081) 2533948$nit AP1 8 $6866-02$aNA088 Biblioteca Centralizzata. Facoltà di Architettura dell'Università Federico II$b1 - XX$eVia Monteoliveto,3. Palazzo Gravina, 80134 Napoli (NA)$m0812538081$m0812538023$nit AP1 8 $6866-03$aNA089 Biblioteca. Dipartimento di Storia dell'Architettura e Restauro$b0.13$eVia Monteoliveto, 3, 80134 Napoli (NA)$m0812538077$m0812538010$nit AP2 40$aacnp.cib.unibo.it$nACNP Italian Union Catalogue of Serials$uhttp://acnp.cib.unibo.it/cgi-ser/start/it/cnr/df-p.tcl?catno=43433&language=ITALIANO&libr=&person=&B=1&libr_th=unina&proposto=NO